| 000 | 00463nam a22001697a 4500 | ||
|---|---|---|---|
| 003 | OSt | ||
| 005 | 20240627114202.0 | ||
| 008 | 240627b |||||||| |||| 00| 0 eng d | ||
| 020 | _a9780821371633 | ||
| 040 | _cMUST | ||
| 082 | _a333.75 FOR 2008 | ||
| 245 |
_aFORESTS SOURCEBOOK _bPRACTICAL GUIDANCE FOR SUSTAINING FORESTS IN DEVELOPMENT COOPERATION |
||
| 300 |
_axxvii,369p _bill. _c28cm |
||
| 504 | _aindex | ||
| 650 | _2forestry projects | ||
| 942 |
_2ddc _cO_SHELF |
||
| 999 |
_c8993 _d8993 |
||